| 000 | 00529nam a2200181 a 4500 | ||
|---|---|---|---|
| 001 | 001038485 | ||
| 003 | AM-YeHGA | ||
| 005 | 20250618074320.0 | ||
| 008 | 140926s1934 ai r 000 0 arm d | ||
| 040 | _aAM-YeHGA | ||
| 041 | 0 | _aarm | |
| 100 | 1 |
_aՆար-Դոս, _d1867-1933 _91453 |
|
| 245 | 1 | 0 |
_aԶազունյան : _bՎեպ / _cՆար-Դոս. |
| 260 |
_aՅերևան - : _bՊետհրատ, _c1934. |
||
| 300 |
_a170 էջ ; _c21 սմ. |
||
| 650 | 1 | 4 |
_aՀայ գրականություն _d19-րդ դար _xՎեպ |
| 090 | _c341867 | ||
| 999 |
_c340083 _d340083 |
||